000 00555nam a2200193Ia 4500
005 20250326141710.0
008 250326s9999 xx 000 0 und d
020 _a0-13-823212-1
037 _aTextbook
040 _aFMSL
_beng
_cFMSL
041 _aeng
_2eng
084 _aX9B M8
_qFMSL
100 _aGreenfield W M
_9744565
245 0 _aSolve your own business problems:staying solvent
_cGreenfield W M
260 _aNew Jersey
_bNew Jersey, Prentice-Hall
_c1988
300 _ax,230
942 _cTB
_hX9B M8
999 _c1291546
_d1291546